An introduction to modern english word-formation
محفوظ في:
| المؤلف الرئيسي: | |
|---|---|
| التنسيق: | كتاب |
| اللغة: | الإنجليزية |
| منشور في: |
Londres
Longman
1973
|
| سلاسل: | English language series, 7
|
| الموضوعات: | |
| الوسوم: |
إضافة وسم
لا توجد وسوم, كن أول من يضع وسما على هذه التسجيلة!
|
MARC
| LEADER | 00000nam a2200000 a 4500 | ||
|---|---|---|---|
| 001 | UCR8029 | ||
| 003 | CL-VaPUC | ||
| 008 | 980519e19730000UK |||||||||||||||||eng|d | ||
| 082 | 0 | 4 | |a 425 |b ADA |2 21 |
| 100 | 0 | |a Adams, Valerie |e author |9 409650 | |
| 245 | 1 | 3 | |a An introduction to modern english word-formation |
| 300 | |a 230 p | ||
| 942 | |c BK | ||
| 945 | |d 19980519 00:00:00 |a crobeson | ||
| 260 | |a Londres |b Longman |c 1973 | ||
| 650 | 7 | |a INGLES SINTAXIS |2 CL-VaPUC |9 409651 | |
| 650 | 7 | |a INGLES PALABRAS Y FRASES |2 CL-VaPUC |9 316740 | |
| 583 | |a last modification |c 19980519 00:00:00 |k Rodrigo Vera | ||
| 490 | 0 | |a English language series, 7 | |
| 999 | |c 269597 |d 269595 | ||
| 952 | |0 0 |1 0 |4 0 |6 425_000000000000000_ADA_1973 |7 0 |8 ? |9 303379 |a BIBEDU |b BIBEDU |d 2019-11-20 |i 1402536 |o 425 ADA 1973 |p 1402536 |r 2019-11-20 |w 2019-11-20 |y BK |k LIT | ||